Nghiên cứu phương pháp phân hủy thuốc bảo vệ thực vật bằng công nghệ plasma lạnh : Luận văn tốt nghiệp Cao học. Chuyên ngành Hóa hữu cơ

Xác định khả năng phân hủy thuốc bảo vệ thực vật quinaphos bằng plasma lạnh công nghệ màn chắn để từ đó có thể thiết kế hệ thống xử lí chất thải bảo vệ thực vật ở các nhà máy sản xuất....

Descrición completa

Gardado en:
Detalles Bibliográficos
Autor Principal: Nguyễn, Mai Hùng
Formato: Libro
Idioma:Undetermined
Publicado: Cần Thơ Trường Đại học Cần Thơ 2017
Những chủ đề:
Các nhãn: Engadir etiqueta
Sen Etiquetas, Sexa o primeiro en etiquetar este rexistro!
Thư viện lưu trữ: Trung tâm Học liệu Trường Đại học Cần Thơ
LEADER 01211nam a2200217Ia 4500
001 CTU_224795
008 210402s9999 xx 000 0 und d
082 |a 628.16842 
082 |b H513 
100 |a Nguyễn, Mai Hùng 
245 0 |a Nghiên cứu phương pháp phân hủy thuốc bảo vệ thực vật bằng công nghệ plasma lạnh : 
245 0 |b Luận văn tốt nghiệp Cao học. Chuyên ngành Hóa hữu cơ 
245 0 |c Nguyễn Mai Hùng ; Hồ Quốc Phong, Nguyễn Văn Dũng (Người hướng dẫn) 
260 |a Cần Thơ 
260 |b Trường Đại học Cần Thơ 
260 |c 2017 
520 |a Xác định khả năng phân hủy thuốc bảo vệ thực vật quinaphos bằng plasma lạnh công nghệ màn chắn để từ đó có thể thiết kế hệ thống xử lí chất thải bảo vệ thực vật ở các nhà máy sản xuất. 
650 |a Thuốc trừ sâu,Pesticides 
650 |x Khía cạnh môi trường,Environmental aspects 
910 |b nthai 
980 |a Trung tâm Học liệu Trường Đại học Cần Thơ